Max Kolda

N/A


Categories

Fine Arts - Music040040105114.7500
RMP - World Mythology04004094116.7500
Other - Other Academic and General Knowledge0400408499.0000
History - Cross, Historiography, and Miscellaneous04004078104.0000
RMP - Philosophy1200356894.6700
History - American1200352063.3300
Literature - British030030127139.0000
Science - Engineering and Miscellaneous0300307499.3300
Current Events - World0200208184.0000
Science - Physics0200208189.5000
RMP - Christian Practice1000156767.0000
Science - Chemistry1000155252.0000
Social Science - Psychology010010108108.0000
Fine Arts - Ballet/Dance010010124124.0000
Fine Arts - Opera010010116116.0000
Literature - World and Miscellaneous010010123123.0000
RMP - East Asian Religion010010134134.0000
RMP - Islam010010124124.0000
Science - Astronomy010010112112.0000
Science - Biology010010113113.0000
Science - Earth0100109696.0000
Science - Math010010103103.0000
Social Science - Other0100108686.0000
Science - Computer Science000000.0000
Fine Arts - Architecture000000.0000
Literature - European000000.0000
Literature - American000000.0000
History - European000000.0000
Current Events - U.S.000000.0000
History - World000000.0000

Buzzes

History - Americanincandescent lightbulb2020
Current Events - U.S.Tennessee040
Science - Chemistryindicator solution2052
RMP - Christian PracticeChurch of Jesus Christ of Latter Day Saints missions2067
RMP - Philosophyexistentialism2068
Science - Engineering and Miscellaneouscoefficient of friction1074
Fine Arts - Architectureroofs078
History - Cross, Historiography, and Miscellaneouswheat1078
History - Americandrugs1079
Current Events - WorldMohammed bin Salman Al Saud1081